000 00864nam0a22002291 4500
001 rc\1079181
005 20260407095857.0
035 _a(NLR Aleph) 006327685
090 _a7512120
_c7512120
100 _a20041126d1984 |||y0rusy50 ca
101 0 _arus
102 _aRU
105 _aa |||||||||
200 1 _aСистемы и приборы контроля и управления
_eКаталог
_fМ-во станкостроит. и инструм. пром-сти, Всесоюз. ин-т абразивов и шлифования ВНИИАШ
210 _aМ.
_cНИИмаш
_d1984
215 _a63 с.
_cил.
_d21
712 0 2 _aВНИИ абразивов и шлифования
_cЛенинград
_3RU\NLR\AUTH\889925506
_9346806
801 0 _aRU
_bNLR
_gpsbo
801 1 _aRU
_bELAR
_2rusmarc
852 _aNLR
_bПт
_j40.1/226
942 _cBOOK
980 _aNB